Minecraft Creative Inventory: Building Blocks - Statistics

General Stats
  • This quiz has been taken 376 times
    325 since last reset
  • The average score is 171 of 402
Answer Stats
Answer % Correct
Birch Log
95%
Oak Log
95%
Dark Oak Log
86%
Jungle Log
86%
Spruce Log
86%
Acacia Log
73%
Cobblestone
73%
Cherry Log
68%
Diorite
68%
Mangrove Log
68%
Oak Door
68%
Oak Planks
68%
Oak Slab
68%
Birch Planks
64%
Block of Bamboo
64%
Dark Oak Planks
64%
Jungle Planks
64%
Oak Stairs
64%
Stone
64%
Stripped Oak Log
64%
Andesite
59%
Birch Door
59%
Birch Slab
59%
Block of Diamond
59%
Block of Iron
59%
Bricks
59%
Cobblestone Stairs
59%
Dark Oak Slab
59%
Deepslate
59%
Jungle Slab
59%
Spruce Slab
59%
Stripped Birch Log
59%
Stripped Dark Oak Log
59%
Warped Stem
59%
Acacia Door
55%
Acacia Planks
55%
Acacia Slab
55%
Acacia Trapdoor
55%
Bamboo Slab
55%
Bamboo Stairs
55%
Birch Stairs
55%
Birch Trapdoor
55%
Birch Wood
55%
Block of Copper
55%
Block of Emerald
55%
Block of Gold
55%
Cherry Door
55%
Cherry Slab
55%
Cherry Trapdoor
55%
Cobblestone Slab
55%
Dark Oak Door
55%
Dark Oak Stairs
55%
Dark Oak Trapdoor
55%
Diorite Slab
55%
Diorite Stairs
55%
Jungle Door
55%
Jungle Stairs
55%
Mangrove Door
55%
Mangrove Planks
55%
Mangrove Slab
55%
Mangrove Trapdoor
55%
Oak Button
55%
Oak Fence
55%
Oak Trapdoor
55%
Oak Wood
55%
Smooth Stone
55%
Spruce Door
55%
Spruce Wood
55%
Stone Slab
55%
Stone Stairs
55%
Stripped Jungle Log
55%
Stripped Spruce Log
55%
Tuff
55%
Acacia Button
50%
Acacia Pressure Plate
50%
Acacia Stairs
50%
Acacia Wood
50%
Andesite Slab
50%
Andesite Stairs
50%
Bamboo Door
50%
Bamboo Trapdoor
50%
Birch Button
50%
Birch Fence
50%
Birch Pressure Plate
50%
Blackstone
50%
Block of Coal
50%
Cherry Button
50%
Cherry Planks
50%
Cherry Stairs
50%
Cherry Wood
50%
Cobbled Deepslate Stairs
50%
Cobblestone Wall
50%
Crimson Stem
50%
Dark Oak Button
50%
Dark Oak Wood
50%
Deepslate Bricks
50%
Granite
50%
Jungle Button
50%
Jungle Pressure Plate
50%
Jungle Trapdoor
50%
Jungle Wood
50%
Mangrove Button
50%
Mangrove Pressure Plate
50%
Mangrove Stairs
50%
Mangrove Wood
50%
Nether Bricks
50%
Oak Fence Gate
50%
Oak Pressure Plate
50%
Polished Andesite
50%
Spruce Button
50%
Spruce Fence
50%
Spruce Planks
50%
Spruce Pressure Plate
50%
Spruce Stairs
50%
Spruce Trapdoor
50%
Stone Bricks
50%
Stone Brick Slab
50%
Stone Brick Stairs
50%
Stripped Acacia Log
50%
Stripped Mangrove Log
50%
Acacia Fence
45%
Acacia Fence Gate
45%
Andesite Wall
45%
Bamboo Button
45%
Bamboo Fence
45%
Bamboo Fence Gate
45%
Bamboo Planks
45%
Birch Fence Gate
45%
Block of Redstone
45%
Brick Slab
45%
Brick Stairs
45%
Cherry Fence
45%
Cherry Fence Gate
45%
Cherry Pressure Plate
45%
Cobbled Deepslate Slab
45%
Cobbled Deepslate Wall
45%
Cracked Deepslate Bricks
45%
Cracked Deepslate Tiles
45%
Crimson Door
45%
Crimson Slab
45%
Crimson Trapdoor
45%
Dark Oak Fence
45%
Dark Oak Fence Gate
45%
Dark Oak Pressure Plate
45%
Deepslate Brick Slab
45%
Deepslate Brick Stairs
45%
Diorite Wall
45%
Granite Slab
45%
Granite Stairs
45%
Granite Wall
45%
Jungle Fence
45%
Jungle Fence Gate
45%
Mangrove Fence
45%
Mangrove Fence Gate
45%
Mossy Cobblestone
45%
Mossy Cobblestone Slab
45%
Mossy Cobblestone Stairs
45%
Nether Brick Slab
45%
Nether Brick Stairs
45%
Netherrack
45%
Polished Andesite Slab
45%
Polished Andesite Stairs
45%
Polished Diorite
45%
Polished Diorite Slab
45%
Polished Diorite Stairs
45%
Sandstone
45%
Sandstone Slab
45%
Sandstone Stairs
45%
Smooth Stone Slab
45%
Spruce Fence Gate
45%
Stone Brick Wall
45%
Stripped Acacia Wood
45%
Stripped Birch Wood
45%
Stripped Cherry Log
45%
Stripped Cherry Wood
45%
Stripped Dark Oak Wood
45%
Stripped Jungle Wood
45%
Stripped Mangrove Wood
45%
Stripped Oak Wood
45%
Stripped Spruce Wood
45%
Warped Door
45%
Warped Slab
45%
Warped Stairs
45%
Warped Trapdoor
45%
Bamboo Mosaic
41%
Bamboo Mosaic Slab
41%
Bamboo Mosaic Stairs
41%
Bamboo Pressure Plate
41%
Blackstone Slab
41%
Blackstone Stairs
41%
Blackstone Wall
41%
Block of Lapis Lazuli
41%
Block of Quartz
41%
Block of Stripped Bamboo
41%
Brick Wall
41%
Chiseled Sandstone
41%
Chiseled Stone Bricks
41%
Chiseled Tuff
41%
Cobbled Deepslate
41%
Copper Door
41%
Copper Trapdoor
41%
Cracked Stone Bricks
41%
Crimson Button
41%
Crimson Fence
41%
Crimson Fence Gate
41%
Crimson Planks
41%
Crimson Stairs
41%
Deepslate Brick Wall
41%
Deepslate Tiles
41%
Deepslate Tile Slab
41%
Deepslate Tile Stairs
41%
Deepslate Tile Wall
41%
Mossy Cobblestone Wall
41%
Mossy Stone Bricks
41%
Mossy Stone Brick Slab
41%
Mossy Stone Brick Stairs
41%
Mossy Stone Brick Wall
41%
Nether Brick Fence
41%
Polished Blackstone Bricks
41%
Polished Deepslate
41%
Polished Deepslate Slab
41%
Polished Deepslate Stairs
41%
Polished Deepslate Wall
41%
Polished Granite
41%
Polished Granite Slab
41%
Polished Granite Stairs
41%
Polished Tuff
41%
Polished Tuff Slab
41%
Polished Tuff Stairs
41%
Polished Tuff Wall
41%
Red Nether Bricks
41%
Red Nether Brick Slab
41%
Red Nether Brick Stairs
41%
Sandstone Wall
41%
Stone Button
41%
Tuff Bricks
41%
Tuff Brick Slab
41%
Tuff Brick Stairs
41%
Tuff Brick Wall
41%
Tuff Slab
41%
Tuff Stairs
41%
Tuff Wall
41%
Warped Button
41%
Warped Fence
41%
Warped Fence Gate
41%
Warped Planks
41%
Block of Netherite
36%
Chiseled Deepslate
36%
Chiseled Nether Bricks
36%
Chiseled Polished Blackstone
36%
Chiseled Red Sandstone
36%
Cracked Nether Bricks
36%
Cracked Polished Blackstone Bricks
36%
Crimson Hyphae
36%
Crimson Pressure Plate
36%
Cut Copper
36%
Cut Copper Slab
36%
Cut Copper Stairs
36%
Cut Sandstone
36%
Cut Sandstone Slab
36%
End Stone
36%
End Stone Bricks
36%
End Stone Brick Slab
36%
End Stone Brick Stairs
36%
End Stone Brick Wall
36%
Gilded Blackstone
36%
Iron Door
36%
Iron Trapdoor
36%
Oxidized Copper
36%
Packed Mud
36%
Polished Blackstone
36%
Polished Blackstone Brick Slab
36%
Polished Blackstone Brick Stairs
36%
Polished Blackstone Brick Wall
36%
Polished Blackstone Slab
36%
Polished Blackstone Stairs
36%
Polished Blackstone Wall
36%
Purpur Block
36%
Purpur Pillar
36%
Purpur Slab
36%
Purpur Stairs
36%
Quartz Slab
36%
Quartz Stairs
36%
Red Sandstone
36%
Red Sandstone Slab
36%
Red Sandstone Stairs
36%
Red Sandstone Wall
36%
Smooth Quartz Block
36%
Smooth Red Sandstone
36%
Smooth Red Sandstone Slab
36%
Smooth Red Sandstone Stairs
36%
Smooth Sandstone
36%
Smooth Sandstone Slab
36%
Smooth Sandstone Stairs
36%
Stone Pressure Plate
36%
Stripped Crimson Hyphae
36%
Stripped Crimson Stem
36%
Stripped Warped Hyphae
36%
Stripped Warped Stem
36%
Warped Hyphae
36%
Warped Pressure Plate
36%
Waxed Block of Copper
36%
Basalt
32%
Chiseled Tuff Bricks
32%
Copper Bulb
32%
Copper Grate
32%
Cut Red Sandstone
32%
Cut Red Sandstone Slab
32%
Exposed Copper
32%
Exposed Copper Door
32%
Heavy Weighted Pressure Plate
32%
Iron Bars
32%
Light Weighted Pressure Plate
32%
Mud Bricks
32%
Mud Brick Slab
32%
Mud Brick Stairs
32%
Nether Brick Wall
32%
Oxidized Copper Bulb
32%
Oxidized Copper Door
32%
Oxidized Copper Grate
32%
Oxidized Copper Trapdoor
32%
Oxidized Cut Copper
32%
Oxidized Cut Copper Slab
32%
Oxidized Cut Copper Stairs
32%
Quartz Pillar
32%
Reinforced Deepslate
32%
Smooth Basalt
32%
Smooth Quartz Slab
32%
Smooth Quartz Stairs
32%
Waxed Copper Bulb
32%
Waxed Cut Copper
32%
Waxed Cut Copper Stairs
32%
Waxed Exposed Copper
32%
Waxed Oxidized Copper
32%
Waxed Oxidized Copper Bulb
32%
Waxed Weathered Copper
32%
Weathered Copper
32%
Chain
27%
Chiseled Copper
27%
Chiseled Quartz Block
27%
Exposed Chiseled Copper
27%
Exposed Copper Bulb
27%
Exposed Copper Grate
27%
Exposed Copper Trapdoor
27%
Exposed Cut Copper
27%
Exposed Cut Copper Slab
27%
Exposed Cut Copper Stairs
27%
Mud Brick Wall
27%
Oxidized Chiseled Copper
27%
Polished Basalt
27%
Polished Blackstone Button
27%
Polished Blackstone Pressure Plate
27%
Prismarine
27%
Prismarine Bricks
27%
Prismarine Slab
27%
Prismarine Stairs
27%
Red Nether Brick Wall
27%
Waxed Chiseled Copper
27%
Waxed Copper Door
27%
Waxed Copper Grate
27%
Waxed Copper Trapdoor
27%
Waxed Cut Copper Slab
27%
Waxed Exposed Chiseled Copper
27%
Waxed Exposed Copper Bulb
27%
Waxed Exposed Copper Door
27%
Waxed Exposed Copper Grate
27%
Waxed Exposed Copper Trapdoor
27%
Waxed Exposed Cut Copper
27%
Waxed Exposed Cut Copper Slab
27%
Waxed Exposed Cut Copper Stairs
27%
Waxed Oxidized Chiseled Copper
27%
Waxed Oxidized Copper Door
27%
Waxed Oxidized Copper Grate
27%
Waxed Oxidized Copper Trapdoor
27%
Waxed Oxidized Cut Copper
27%
Waxed Oxidized Cut Copper Slab
27%
Waxed Oxidized Cut Copper Stairs
27%
Waxed Weathered Chiseled Copper
27%
Waxed Weathered Copper Bulb
27%
Waxed Weathered Copper Door
27%
Waxed Weathered Copper Grate
27%
Waxed Weathered Copper Trapdoor
27%
Waxed Weathered Cut Copper
27%
Waxed Weathered Cut Copper Slab
27%
Waxed Weathered Cut Copper Stairs
27%
Weathered Chiseled Copper
27%
Weathered Copper Bulb
27%
Weathered Copper Door
27%
Weathered Copper Grate
27%
Weathered Copper Trapdoor
27%
Weathered Cut Copper
27%
Weathered Cut Copper Slab
27%
Weathered Cut Copper Stairs
27%
Block of Amethyst
23%
Dark Prismarine
23%
Dark Prismarine Slab
23%
Dark Prismarine Stairs
23%
Prismarine Brick Slab
23%
Prismarine Brick Stairs
23%
Prismarine Wall
23%
Quartz Bricks
23%
Sea Lantern
23%
No matching quizzes found
Score Distribution
Percent of People with Each Score
Percentile by Number Answered
Your Score History
You have not taken this quiz since the last reset